[Event "87o Campeonato Brasileiro Absoluto Final Aberta"]
[Site "Cuiaba MT"]
[Date "2021.10.31"]
[Round "5"]
[Board "28"]
[White "Zallio, Luciano De Souza"]
[Black "Peixoto, Rudson Marinho"]
[Result "1-0"]
[WhiteElo "2163"]
[BlackElo "1945"]
[PlyCount "67"]
[EventDate "2021.10.28"]
[EventRounds "11"]
[EventCountry "BRA"]

1. Nf3 Nf6 2. e3 d5 3. b3 Bg4 4. Bb2 Nbd7 5. Be2 e6 6. c4 c5 7. O-O Be7 8. cxd5
exd5 9. d4 O-O 10. Nc3 Rc8 11. Rc1 Re8 12. dxc5 Nxc5 13. Nd4 Bxe2 14. Ncxe2 Qd7
15. Ng3 g6 16. Qe2 Nce4 17. Ra1 a6 18. Qd3 Bd6 19. Nge2 Ng4 20. Nf3 Qc7 21. Ng3
Qb6 22. Qxd5 Nexf2 23. Rxf2 Nxf2 24. Bd4 Nh3+ 25. gxh3 Qc7 26. Ne4 Re6 27. Nfg5
Bxh2+ 28. Kh1 Rc6 29. Nf6+ Rxf6 30. Bxf6 h6 31. Nf3 Bg3 32. Rd1 Bf2 33. Ne5 g5
34. Bd8  1-0

[Event "87o Campeonato Brasileiro Absoluto Final Aberta"]
[Site "Cuiaba MT"]
[Date "2021.10.31"]
[Round "5"]
[Board "29"]
[White "Okamura, Milton Kasuo"]
[Black "Souza, Rafael Cabral De"]
[Result "0-1"]
[WhiteElo "1937"]
[BlackElo "2162"]
[PlyCount "80"]
[EventDate "2021.10.28"]
[EventRounds "11"]
[EventCountry "BRA"]

1. d4 Nf6 2. c4 a6 3. Nc3 c5 4. e3 cxd4 5. exd4 d5 6. c5 Nc6 7. a3 g6 8. h3 Bg7
9. Nf3 O-O 10. Be2 Ne4 11. O-O Nxc3 12. bxc3 b6 13. cxb6 Qxb6 14. Bf4 Bf5 15.
Qa4 Rfc8 16. Rfc1 Qa5 17. Qb3 Qd8 18. g4 Na5 19. Qa2 Be6 20. Ng5 Qd7 21. Rab1
Rc6 22. Rb4 Rac8 23. Qb2 h6 24. Nf3 h5 25. Ne5 Bxe5 26. Bxe5 hxg4 27. h4 f6 28.
Bf4 Bf5 29. Rb6 Qe6 30. Rb4 Be4 31. Qd2 g3 32. f3 Qh3 33. Bf1 Qh2+ 34. Qxh2
gxh2+ 35. Kxh2 Bxf3 36. Bh3 f5 37. Re1 Be4 38. h5 Rxc3 39. Ra4 Rf3 40. Bg5 Rc2+
 0-1

[Event "87o Campeonato Brasileiro Absoluto Final Aberta"]
[Site "Cuiaba MT"]
[Date "2021.10.31"]
[Round "5"]
[Board "30"]
[White "Silva, Lucas Henrique Da"]
[Black "Jorge, Denrick Cabral Jose"]
[Result "1-0"]
[WhiteElo "2158"]
[BlackElo "1927"]
[PlyCount "65"]
[EventDate "2021.10.28"]
[EventRounds "11"]
[EventCountry "BRA"]

1. d4 Nf6 2. Bg5 d5 3. e3 Bf5 4. Nf3 Nbd7 5. c4 h6 6. Bh4 e6 7. Nc3 Be7 8. Qb3
O-O 9. Be2 dxc4 10. Bxc4 Nb6 11. Be2 Ne4 12. Bxe7 Qxe7 13. O-O Nxc3 14. bxc3 c5
15. Nd2 Rfd8 16. a4 cxd4 17. cxd4 e5 18. a5 Nd7 19. Bf3 e4 20. Be2 Qg5 21. Kh1
Nc5 22. Qb4 Nd3 23. Qxb7 Rab8 24. Qxa7 Rb2 25. Bxd3 Rxd2 26. Bc4 Be6 27. Bxe6
fxe6 28. Qb6 Qf6 29. a6 Rf8 30. a7 Rxf2 31. Rxf2 Qxf2 32. a8=Q Kh7 33. Qxf8  1-0

[Event "87o Campeonato Brasileiro Absoluto Final Aberta"]
[Site "Cuiaba MT"]
[Date "2021.10.31"]
[Round "5"]
[Board "31"]
[White "Almeida Junior, Alvaro Alves De"]
[Black "Panazzolo, Paulo Victor"]
[Result "1-0"]
[WhiteElo "2106"]
[BlackElo "1790"]
[PlyCount "61"]
[EventDate "2021.10.28"]
[EventRounds "11"]
[EventCountry "BRA"]

1. e4 e5 2. Nf3 Nc6 3. Bc4 Nf6 4. Ng5 d5 5. exd5 Na5 6. Bb5+ c6 7. dxc6 bxc6 8.
Qf3 Be7 9. O-O O-O 10. Bd3 h6 11. Ne4 Nd5 12. Ng3 Nf4 13. Bf5 Bb7 14. d3 g6 15.
b4 Bxb4 16. Bxf4 exf4 17. Qxf4 Bd6 18. Qg4 Qf6 19. Nd2 Qg7 20. Qa4 gxf5 21.
Qxa5 c5 22. Qb5 Bd5 23. Qd7 Rad8 24. Qxf5 Be6 25. Qh5 Bg4 26. Qh4 f5 27. Rae1
Rfe8 28. Rxe8+ Rxe8 29. Nh5 Bxh5 30. Qxh5 f4 31. Qxe8+  1-0

[Event "87o Campeonato Brasileiro Absoluto Final Aberta"]
[Site "Cuiaba MT"]
[Date "2021.10.31"]
[Round "5"]
[Board "32"]
[White "Urquiza, Marcello De Albuquerque"]
[Black "Santanna, Paulo"]
[Result "0-1"]
[WhiteElo "2093"]
[BlackElo "1894"]
[PlyCount "76"]
[EventDate "2021.10.28"]
[EventRounds "11"]
[EventCountry "BRA"]

1. e4 c5 2. Nf3 a6 3. d4 cxd4 4. Qxd4 Nc6 5. Qe3 g6 6. c4 Bg7 7. Be2 Nf6 8. h3
d6 9. Nc3 O-O 10. O-O Be6 11. Rb1 Rc8 12. b3 Qa5 13. Bb2 Nd7 14. Nd5 Qc5 15.
Qd2 a5 16. Nf4 Bxb2 17. Rxb2 Nf6 18. Nxe6 fxe6 19. Ng5 Nd4 20. Bd1 e5 21. Kh1
Kg7 22. Qd3 b5 23. cxb5 Qc1 24. Rd2 Rc3 25. Rc2 Rxc2 26. Bxc2 Qxg5 27. f4 Qh4
28. Bd1 Nh5 29. Bxh5 Qxh5 30. b6 Qe2 31. Rd1 Qxd3 32. Rxd3 Rb8 33. fxe5 dxe5
34. Rc3 Rxb6 35. Rc5 Rb5 36. Rc7 Kf6 37. Kg1 Ke6 38. Rc4 Rb4  0-1

[Event "87o Campeonato Brasileiro Absoluto Final Aberta"]
[Site "Cuiaba MT"]
[Date "2021.10.31"]
[Round "5"]
[Board "33"]
[White "Rodrigues, Julliano De Araujo"]
[Black "Silva, Kaua Marques"]
[Result "0-1"]
[WhiteElo "1917"]
[BlackElo "2086"]
[PlyCount "116"]
[EventDate "2021.10.28"]
[EventRounds "11"]
[EventCountry "BRA"]

1. e4 c5 2. Nf3 Nc6 3. d4 cxd4 4. Nxd4 Nf6 5. Nc3 e5 6. Ndb5 d6 7. Bg5 a6 8.
Na3 b5 9. Nd5 Be7 10. Bxf6 Bxf6 11. c4 b4 12. Nc2 a5 13. g3 O-O 14. Bg2 Bg5 15.
O-O Ne7 16. Nce3 Be6 17. Qd3 Bxe3 18. Nxe3 Qc7 19. Rac1 Rfd8 20. Nd5 Qa7 21.
Nxe7+ Qxe7 22. Rfd1 a4 23. h4 Qc7 24. Rd2 Qb6 25. b3 Qc5 26. Rcd1 f6 27. Qe2
Kf8 28. Qh5 h6 29. Rd3 axb3 30. axb3 Ra2 31. R1d2 Ra1+ 32. Rd1 Rda8 33. Qe2
R8a2 34. R3d2 Qa7 35. Rxa2 Rxa2 36. Rd2 Ra1+ 37. Rd1 Ke7 38. Qd2 Rxd1+ 39. Qxd1
Qa2 40. Qd3 Qa1+ 41. Kh2 Qc3 42. Qb1 Qd2 43. Kg1 Bg4 44. Bf1 Qd1 45. Qa2 Kf7
46. Qa7+ Kg6 47. Qe3 Qd4 48. Qe1 Qc3 49. Qb1 Qd2 50. Qa1 Qd1 51. Qa2 Bf3 52.
Qa8 Be2 53. h5+ Kh7 54. Qe8 Qxf1+ 55. Kh2 Qxf2+ 56. Kh3 Bf1+ 57. Kh4 Qh2+ 58.
Kg4 Be2+  0-1

[Event "87o Campeonato Brasileiro Absoluto Final Aberta"]
[Site "Cuiaba MT"]
[Date "2021.10.31"]
[Round "5"]
[Board "34"]
[White "Soares, Renan Barbosa Monteiro"]
[Black "Andrade, Roberto Luiz Costa"]
[Result "1-0"]
[WhiteElo "1886"]
[BlackElo "2060"]
[PlyCount "169"]
[EventDate "2021.10.28"]
[EventRounds "11"]
[EventCountry "BRA"]

1. d4 c5 2. d5 d6 3. c4 g6 4. Nc3 Nf6 5. e4 Bg7 6. f3 Na6 7. Be3 Nc7 8. Qd2 a6
9. Bd3 Bd7 10. a4 Rb8 11. a5 b5 12. axb6 Rxb6 13. Nge2 Qb8 14. O-O O-O 15. Ra2
Rb3 16. e5 Nfe8 17. f4 dxe5 18. Bxc5 Nd6 19. fxe5 Bxe5 20. Nd4 Rb7 21. Qe2 Bg7
22. Qxe7 Nce8 23. Qe2 Rc7 24. Nc6 Bxc6 25. dxc6 Rxc6 26. Bf2 Nf6 27. Bh4 Nde8
28. Bg3 Qb7 29. Nd5 Re6 30. Qf3 Qb3 31. Raa1 Qxb2 32. Rab1 Qd4+ 33. Bf2 Qg4 34.
Bc5 Qxf3 35. Rxf3 Nd6 36. Nc7 Rd8 37. Nxe6 fxe6 38. Bb6 Rc8 39. Rb4 Nfe4 40. c5
Nxc5 41. Bxc5 Rxc5 42. Rb8+ Rc8 43. Rxc8+ Nxc8 44. Bxa6 Bd4+ 45. Kf1 Nd6 46.
Ke2 Kg7 47. Kd3 e5 48. Rf1 h5 49. Rb1 Kf6 50. Rb8 Bg1 51. h3 Ba7 52. Rf8+ Ke7
53. Rh8 Kf6 54. Rf8+ Ke7 55. Rf1 Bd4 56. Kc2 Bb6 57. Bd3 g5 58. Bg6 h4 59. Kd3
Bd4 60. Rb1 Kf6 61. Bh5 Ba7 62. Ra1 e4+ 63. Ke2 Bd4 64. Ra6 Ke5 65. Bg4 Bc5 66.
Kd2 Kd4 67. Be2 Bb4+ 68. Kd1 Nf5 69. Bf1 Ke3 70. Rb6 Be7 71. Re6 Bb4 72. Ba6
Kf4 73. Bb7 Ng3 74. Rf6+ Ke3 75. Re6 Bc3 76. Kc2 Be1 77. Rg6 Kf4 78. Rb6 Ba5
79. Rb5 Be1 80. Bc6 Nf5 81. Rb6 Bf2 82. Ra6 Nd4+ 83. Kd1 Nxc6 84. Rxc6 Kg3 85.
Ke2  1-0

[Event "87o Campeonato Brasileiro Absoluto Final Aberta"]
[Site "Cuiaba MT"]
[Date "2021.10.31"]
[Round "5"]
[Board "35"]
[White "Correa, Joao Pedro Vieira"]
[Black "Uczai, Joao Pedro Filimberti"]
[Result "0-1"]
[WhiteElo "1750"]
[BlackElo "2058"]
[PlyCount "94"]
[EventDate "2021.10.28"]
[EventRounds "11"]
[EventCountry "BRA"]

1. e4 e6 2. d4 d5 3. Nd2 Nc6 4. Ngf3 Nf6 5. e5 Nd7 6. Bb5 a6 7. Bxc6 bxc6 8. c4
c5 9. cxd5 Bb7 10. dxe6 fxe6 11. O-O Be7 12. Qc2 O-O 13. Ne4 Rxf3 14. gxf3 cxd4
15. f4 c5 16. f3 Bd5 17. Rd1 Rc8 18. Kh1 Nf8 19. b3 Ng6 20. Qg2 Qf8 21. Qg4 Qf5
22. Re1 h5 23. Qxf5 exf5 24. Nd2 Nxf4 25. Rf1 Nd3 26. Nc4 Bxc4 27. bxc4 Nxe5
28. Bg5 Bxg5 29. f4 Nxc4 30. fxg5 Ne3 31. Rf4 c4 32. Rc1 Rd8 33. Rf2 d3 34. Rd2
Kf7 35. Kg1 Rd4 36. h3 Kg6 37. Kf2 Nd5 38. Rcd1 Nc3 39. Rc1 Nd5 40. Rcd1 Kxg5
41. Rg1+ Kf6 42. Rgd1 Nc3 43. Rc1 Ne4+ 44. Ke3 Ke5 45. Rg2 d2 46. Rd1 Rd3+ 47.
Ke2 Nc3+  0-1

[Event "87o Campeonato Brasileiro Absoluto Final Aberta"]
[Site "Cuiaba MT"]
[Date "2021.10.31"]
[Round "5"]
[Board "36"]
[White "Dantas, Neimar De Oliveira"]
[Black "Damasceno, Enzo De Carvalho"]
[Result "1/2-1/2"]
[WhiteElo "2030"]
[BlackElo "1692"]
[PlyCount "69"]
[EventDate "2021.10.28"]
[EventRounds "11"]
[EventCountry "BRA"]

1. d4 d5 2. c4 c6 3. Nf3 Nf6 4. g3 e6 5. Bg2 dxc4 6. O-O b5 7. a4 Bb7 8. Ne5
Qc8 9. b3 c5 10. Bxb7 Qxb7 11. axb5 cxb3 12. Qxb3 cxd4 13. Bb2 Be7 14. Bxd4 O-O
15. Nd2 Nbd7 16. Nc6 Bc5 17. Bxc5 Nxc5 18. Qc4 Nfd7 19. Rfb1 Rfe8 20. Ne4 Nxe4
21. Qxe4 Nf6 22. Qa4 Nd5 23. Rc1 Nc7 24. Rab1 a6 25. b6 Nb5 26. Qa5 h6 27. Nb4
Reb8 28. Nxa6 Rxa6 29. Qxb5 Rxb6 30. Qxb6 Qxb6 31. Rxb6 Rxb6 32. Rc8+ Kh7 33.
Rc7 Kg8 34. Kg2 g6 35. h4  1/2-1/2

[Event "87o Campeonato Brasileiro Absoluto Final Aberta"]
[Site "Cuiaba MT"]
[Date "2021.10.31"]
[Round "5"]
[Board "37"]
[White "Moyses Sobrinho, Elias"]
[Black "Do Valle Cardoso, Lucas"]
[Result "0-1"]
[WhiteElo "1858"]
[BlackElo "2285"]
[PlyCount "80"]
[EventDate "2021.10.28"]
[EventRounds "11"]
[EventCountry "BRA"]

1. d4 Nf6 2. c4 g6 3. Nc3 d5 4. e3 Bg7 5. cxd5 Nxd5 6. Nf3 O-O 7. Qb3 Nxc3 8.
bxc3 c5 9. Ba3 b6 10. Bc4 Nc6 11. Be2 Qc7 12. O-O Be6 13. Qa4 Bd7 14. Qc2 Rfd8
15. Rac1 Bf5 16. e4 Bg4 17. dxc5 Bxf3 18. Bxf3 Qf4 19. Rfd1 Be5 20. h3 b5 21.
Bb2 Rac8 22. Rxd8+ Nxd8 23. Qd1 Qh2+ 24. Kf1 Ne6 25. g3 Bxg3 26. fxg3 Qxb2 27.
Rc2 Qa3 28. Bg4 Rd8 29. Rd2 Rxd2 30. Qxd2 Nxc5 31. Qd8+ Kg7 32. Qxe7 Qxc3 33.
e5 Qa1+ 34. Kg2 Qxa2+ 35. Kf3 Qa3+ 36. Kg2 Qb2+ 37. Kf3 Qc3+ 38. Ke2 Qd3+ 39.
Ke1 Ne4 40. Qxa7 Qxg3+  0-1

[Event "87o Campeonato Brasileiro Absoluto Final Aberta"]
[Site "Cuiaba MT"]
[Date "2021.10.31"]
[Round "5"]
[Board "38"]
[White "Duailibi, Ricardo Miguel"]
[Black "Jordao Barbosa, Marcio"]
[Result "0-1"]
[WhiteElo "1849"]
[BlackElo "2183"]
[PlyCount "98"]
[EventDate "2021.10.28"]
[EventRounds "11"]
[EventCountry "BRA"]

1. e4 e6 2. d4 d5 3. Nc3 Nf6 4. exd5 exd5 5. Bd3 Nc6 6. Nge2 Nb4 7. Bg5 Be7 8.
O-O O-O 9. Ng3 Nxd3 10. Qxd3 h6 11. Bf4 Qd7 12. Rad1 c6 13. Rfe1 Re8 14. Nb1
Qg4 15. Be5 Bd7 16. Nd2 Qg6 17. Qxg6 fxg6 18. h3 h5 19. f4 h4 20. Ngf1 Nh7 21.
Ne3 Rf8 22. Rf1 g5 23. f5 Rae8 24. Rde1 Nf6 25. a3 Bc8 26. c3 b6 27. Rf2 Ba6
28. Ng4 Bd8 29. b4 Nd7 30. Re3 Bb5 31. Ref3 Nf6 32. Nf1 Ne4 33. Rc2 Be7 34. Nd2
Be2 35. Re3 Bd1 36. Rc1 Bxg4 37. Nxe4 Bxf5 38. Nf2 g4 39. Rce1 Bg5 40. R3e2 g3
41. Ng4 Bd3 42. Rb2 Rf5 43. Rd1 Ref8 44. Rbb1 Bxb1 45. Rxb1 Bd2 46. Bd6 Re8 47.
Ne5 Bxc3 48. Nxc6 Rf6 49. Ne7+ Kf7  0-1

[Event "87o Campeonato Brasileiro Absoluto Final Aberta"]
[Site "Cuiaba MT"]
[Date "2021.10.31"]
[Round "5"]
[Board "39"]
[White "Mazetto, Sergio Luiz"]
[Black "Pessoa, Marcio De Souza"]
[Result "1-0"]
[WhiteElo "2119"]
[BlackElo "1818"]
[PlyCount "49"]
[EventDate "2021.10.28"]
[EventRounds "11"]
[EventCountry "BRA"]

1. g3 e6 2. Bg2 d5 3. Nf3 f5 4. c4 c6 5. O-O Nf6 6. d3 Bd6 7. Nc3 a6 8. e4 fxe4
9. dxe4 dxe4 10. Ng5 O-O 11. Ngxe4 Be5 12. Qe2 Qc7 13. Be3 Nxe4 14. Nxe4 Nd7
15. f4 Bf6 16. Rad1 Be7 17. Bd4 e5 18. fxe5 Nxe5 19. Rxf8+ Bxf8 20. Ng5 Bg4 21.
Qe4 Ng6 22. Qxg4 Re8 23. Nxh7 Ne5 24. Nf6+ Kf7 25. Nxe8  1-0

[Event "87o Campeonato Brasileiro Absoluto Final Aberta"]
[Site "Cuiaba MT"]
[Date "2021.10.31"]
[Round "5"]
[Board "40"]
[White "Mariano, Marceley Martins"]
[Black "Deus Filho, Joaquim De"]
[Result "1-0"]
[WhiteElo "2095"]
[BlackElo "1868"]
[PlyCount "93"]
[EventDate "2021.10.28"]
[EventRounds "11"]
[EventCountry "BRA"]

1. e4 e5 2. Nf3 Nc6 3. Bb5 Bc5 4. c3 Qf6 5. d3 Nge7 6. O-O a6 7. Ba4 b5 8. Bb3
h6 9. Be3 d6 10. a4 Rb8 11. axb5 axb5 12. d4 Bb6 13. Qd3 Bd7 14. Nbd2 O-O 15.
d5 Nd8 16. Bxb6 Rxb6 17. Ra7 Rb7 18. Rfa1 Nc8 19. Ra8 Qg6 20. Nf1 Nb6 21. R8a2
Na4 22. Bc2 Nc5 23. Qe3 b4 24. cxb4 Rxb4 25. Nxe5 Qf6 26. Nxd7 Nxd7 27. Qc3
Qxc3 28. bxc3 Rc4 29. Ra3 Rc5 30. Ne3 Nb6 31. Bd3 f6 32. f4 Re8 33. Kf2 Kf8 34.
Kf3 c6 35. c4 cxd5 36. cxd5 g6 37. Ra6 Nc8 38. Nc4 Nf7 39. R1a5 Rc7 40. Rb5 Na7
41. Rbb6 Rd8 42. Nxd6 Rxd6 43. Rxd6 Nxd6 44. Rxd6 Kf7 45. e5 f5 46. Rf6+ Kg7
47. g4  1-0

[Event "87o Campeonato Brasileiro Absoluto Final Aberta"]
[Site "Cuiaba MT"]
[Date "2021.10.31"]
[Round "5"]
[Board "41"]
[White "Dos Santos, Clecio Franca"]
[Black "Da Rosa, Henrique Jaze Simoes"]
[Result "0-1"]
[WhiteElo "2031"]
[BlackElo "1788"]
[PlyCount "50"]
[EventDate "2021.10.28"]
[EventRounds "11"]
[EventCountry "BRA"]

1. e4 e5 2. Nf3 Nc6 3. Bc4 Nf6 4. O-O Be7 5. Re1 O-O 6. c3 Nxe4 7. Bf1 d5 8. d3
Nf6 9. Nxe5 Nxe5 10. Rxe5 Bd6 11. Re2 Ng4 12. g3 Ne5 13. d4 Nf3+ 14. Kg2 Bg4
15. Qd3 Qd7 16. Nd2 Nxd2 17. Rxd2 Rfe8 18. Be2 Bf5 19. Qb5 c6 20. Qb3 Bh3+ 21.
Kg1 Qf5 22. Qd1 Qe4 23. f3 Qe3+ 24. Kh1 Qf2 25. Bf1 Qxf1+  0-1

[Event "87o Campeonato Brasileiro Absoluto Final Aberta"]
[Site "Cuiaba MT"]
[Date "2021.10.31"]
[Round "5"]
[Board "42"]
[White "Ribeiro, Fabiano Pinto"]
[Black "Bandeira, Tarciano"]
[Result "1-0"]
[WhiteElo "1831"]
[BlackElo "2026"]
[PlyCount "79"]
[EventDate "2021.10.28"]
[EventRounds "11"]
[EventCountry "BRA"]

1. c4 Nf6 2. Nc3 e6 3. g3 d5 4. cxd5 exd5 5. d4 c6 6. Bg2 Bd6 7. Nf3 O-O 8. O-O
Re8 9. Re1 Bg4 10. h3 Bf5 11. Nh4 Be4 12. Nxe4 Nxe4 13. Nf3 Nd7 14. a3 a5 15.
Bd2 Ndf6 16. Bg5 h6 17. Bxf6 Qxf6 18. e3 Re6 19. Rc1 Rae8 20. Qd3 Qf5 21. Qc2
Rf6 22. Re2 Qe6 23. Rce1 Bb8 24. Nh2 Ng5 25. Ng4 Nf3+ 26. Bxf3 Rxf3 27. e4 Qg6
28. Kg2 dxe4 29. Rxe4 Rxe4 30. Qxe4 Qxe4 31. Rxe4 Rb3 32. Re8+ Kh7 33. Rxb8
Rxb2 34. Ne5 f6 35. Nxc6 a4 36. Nb4 Rb3 37. Rxb7 Rxa3 38. d5 Kg8 39. d6 Kf8 40.
d7  1-0

[Event "87o Campeonato Brasileiro Absoluto Final Aberta"]
[Site "Cuiaba MT"]
[Date "2021.10.31"]
[Round "5"]
[Board "44"]
[White "Jenidarchiche, Douglas Rodrigo"]
[Black "Souza Dos Santos, Matheus Garcett"]
[Result "0-1"]
[WhiteElo "1815"]
[BlackElo "1999"]
[PlyCount "222"]
[EventDate "2021.10.28"]
[EventRounds "11"]
[EventCountry "BRA"]

1. d4 Nf6 2. c4 g6 3. Nc3 Bg7 4. e4 d6 5. Nf3 O-O 6. h3 Na6 7. Be3 c5 8. d5 e6
9. Bd3 exd5 10. cxd5 Re8 11. O-O Nc7 12. Nd2 a6 13. a4 b6 14. Nc4 Rb8 15. Bf4
Bf8 16. Qf3 b5 17. axb5 axb5 18. Na5 Bd7 19. Bg5 Be7 20. b3 Nfxd5 21. Bxe7 Nxe7
22. Rfd1 Ne6 23. e5 Nd4 24. Qf6 dxe5 25. Ne4 Nd5 26. Qd6 Be6 27. Qxe5 Qb6 28.
Rdc1 Bf5 29. Qxd5 Bxe4 30. Bxe4 Ne2+ 31. Kh1 Nxc1 32. Nc6 Rbd8 33. Nxd8 Rxd8
34. Ra8 Rf8 35. Rxf8+ Kxf8 36. Qa8+ Ke7 37. Qd5 Kf6 38. Bb1 Kg7 39. Qd1 Qe6 40.
Qxc1 Qxb3 41. Bc2 Qc3 42. Qb1 c4 43. Kg1 b4 44. Kf1 b3 45. Bd1 h5 46. g3 h4 47.
Kg2 hxg3 48. fxg3 Qd2+ 49. Kf3 Qa2 50. Qe4 Qa1 51. Ke2 Qb2+ 52. Ke1 Qc3+ 53.
Ke2 Qxg3 54. Qxc4 Qh2+ 55. Kd3 Qxh3+ 56. Kd2 Qh6+ 57. Kc3 Qc1+ 58. Kxb3 Qxd1+
59. Kb2 Qd2+ 60. Kb3 Qe3+ 61. Kc2 g5 62. Qd5 Qf4 63. Kd3 Kg6 64. Qc6+ Qf6 65.
Qe8 Qd6+ 66. Kc2 Qc5+ 67. Kd2 Qd4+ 68. Ke2 g4 69. Qg8+ Qg7 70. Qe8 Qb2+ 71. Kf1
Qc1+ 72. Kf2 Qf4+ 73. Ke1 Qg3+ 74. Kf1 Qf3+ 75. Ke1 Kf6 76. Qh8+ Kg5 77. Qe5+
f5 78. Qe7+ Kf4 79. Qd6+ Ke4 80. Qc6+ Ke5 81. Qc7+ Kf6 82. Qd8+ Ke5 83. Qc7+
Kd4 84. Qb6+ Kc3 85. Qa5+ Kb2 86. Qd2+ Kb3 87. Qc2+ Kb4 88. Qb2+ Kc4 89. Qa2+
Qb3 90. Qa6+ Qb5 91. Qe6+ Qd5 92. Qe2+ Kd4 93. Qb2+ Ke4 94. Qg2+ Ke5 95. Qh2+
Ke6 96. Qh6+ Ke7 97. Qg7+ Kd6 98. Qf8+ Ke5 99. Qg7+ Ke4 100. Qc3 Qe5 101. Qc6+
Kd3+ 102. Kf1 Qf4+ 103. Kg1 Qg3+ 104. Kf1 Qf3+ 105. Qxf3+ gxf3 106. Kf2 Ke4
107. Kf1 Ke3 108. Ke1 f2+ 109. Kf1 f4 110. Kg2 Ke2 111. Kh2 f3  0-1

[Event "87o Campeonato Brasileiro Absoluto Final Aberta"]
[Site "Cuiaba MT"]
[Date "2021.10.31"]
[Round "5"]
[Board "45"]
[White "Araujo, Everson De Moura"]
[Black "Ribeiro Carrico, Victor Hugo"]
[Result "1-0"]
[WhiteElo "1965"]
[BlackElo "1791"]
[PlyCount "97"]
[EventDate "2021.10.28"]
[EventRounds "11"]
[EventCountry "BRA"]

1. Nf3 Nf6 2. b3 c5 3. Bb2 e6 4. e3 Nc6 5. Be2 Be7 6. O-O O-O 7. c4 d5 8. cxd5
exd5 9. d4 b6 10. Nc3 Bb7 11. Rc1 Rc8 12. Qd3 Ne4 13. Rfd1 Bf6 14. dxc5 Nb4 15.
Qb1 Bxc3 16. Bxc3 Nxc3 17. Rxc3 Rxc5 18. Rxc5 bxc5 19. a3 Nc6 20. h4 h6 21. b4
cxb4 22. axb4 Qd6 23. b5 Ne5 24. Nd4 Rc8 25. Qa1 Qc5 26. Nf5 f6 27. Qd4 Nc4 28.
Qg4 Rc7 29. Nxh6+ Kf8 30. Nf5 Qxb5 31. Qh5 Kg8 32. Bd3 Qd7 33. Nd4 Nd6 34. Qh7+
Kf8 35. Bg6 Nf7 36. Nf5 Nh6 37. Qh8+ Ng8 38. Nd4 Bc8 39. Bh7 Qf7 40. Rb1 Rc4
41. g3 Rc7 42. Kg2 g6 43. Bxg8 Qxg8 44. Qxf6+ Qf7 45. Qd6+ Kg8 46. Rb8 Kh7 47.
Nf3 Kh6 48. Ng5 Qd7 49. Qf8+  1-0

[Event "87o Campeonato Brasileiro Absoluto Final Aberta"]
[Site "Cuiaba MT"]
[Date "2021.10.31"]
[Round "5"]
[Board "46"]
[White "Lima, Vinicius Taishun"]
[Black "Cavalcante, Rodrigo Moreira"]
[Result "1-0"]
[WhiteElo "1788"]
[BlackElo "1964"]
[PlyCount "61"]
[EventDate "2021.10.28"]
[EventRounds "11"]
[EventCountry "BRA"]

1. e4 e5 2. d4 exd4 3. Bc4 Nc6 4. Nf3 Bb4+ 5. c3 dxc3 6. bxc3 Ba5 7. O-O d6 8.
h3 Nf6 9. Re1 O-O 10. Qc2 Ne5 11. Nxe5 dxe5 12. Ba3 Re8 13. Rd1 Nd7 14. Nd2 Qf6
15. Nf3 Bb6 16. Qa4 Rd8 17. Rd2 Kh8 18. Rad1 c6 19. Rd6 Qf4 20. Qc2 f6 21. Bc1
Qg3 22. Kf1 Qg6 23. Nxe5 fxe5 24. Rxg6 hxg6 25. Qe2 Rf8 26. f3 Nf6 27. Qe1 Nh5
28. Qh4 Kh7 29. Ke2 Bc5 30. g4 Bxg4 31. hxg4  1-0

[Event "87o Campeonato Brasileiro Absoluto Final Aberta"]
[Site "Cuiaba MT"]
[Date "2021.10.31"]
[Round "5"]
[Board "47"]
[White "Rezende, Uelton Fabricius Alves"]
[Black "Castro Silva, Alex"]
[Result "0-1"]
[WhiteElo "1784"]
[BlackElo "1961"]
[PlyCount "72"]
[EventDate "2021.10.28"]
[EventRounds "11"]
[EventCountry "BRA"]

1. e4 e5 2. Nf3 d6 3. d4 Nf6 4. Nc3 Nbd7 5. Bc4 Be7 6. O-O O-O 7. h3 c6 8. a4
a5 9. Re1 Qc7 10. Bb3 h6 11. Be3 Re8 12. Qd2 Nf8 13. Nh4 Nxe4 14. Nxe4 Bxh4 15.
dxe5 d5 16. Nd6 Rxe5 17. Bf4 Rxe1+ 18. Rxe1 Bg5 19. Nxc8 Bxf4 20. Ne7+ Qxe7 21.
Rxe7 Bxd2 22. Rxb7 Ne6 23. c3 Nc5 24. Rb6 Nxb3 25. Rxb3 Bf4 26. Rb6 Rb8 27.
Rxc6 Rxb2 28. g3 Bd2 29. Rc5 d4 30. cxd4 Rb4 31. d5 Rxa4 32. Rc6 Rd4 33. d6 Bb4
34. Rc8+ Kh7 35. Rc7 Rxd6 36. Rxf7 Ra6  0-1

[Event "87o Campeonato Brasileiro Absoluto Final Aberta"]
[Site "Cuiaba MT"]
[Date "2021.10.31"]
[Round "5"]
[Board "48"]
[White "Leite, Coraci De Jesus"]
[Black "Cilento, Lucas Geraldo"]
[Result "0-1"]
[WhiteElo "1763"]
[BlackElo "1952"]
[PlyCount "60"]
[EventDate "2021.10.28"]
[EventRounds "11"]
[EventCountry "BRA"]

1. e4 c5 2. Nf3 a6 3. d4 cxd4 4. Qxd4 Nc6 5. Qe3 g6 6. Bd2 Bg7 7. Bc3 Nf6 8.
Bc4 O-O 9. h3 d5 10. exd5 Na5 11. Qe2 Nxc4 12. Qxc4 Bf5 13. O-O Bxc2 14. Re1
Qxd5 15. Qc7 Rac8 16. Qf4 Nh5 17. Qe3 e6 18. Bxg7 Nxg7 19. Nc3 Qa5 20. Qd2 Ba4
21. Re5 Bb5 22. Ree1 Rfd8 23. Qg5 Nf5 24. g4 Bc6 25. Ne5 Nd4 26. Rad1 Qxe5 27.
Qxd8+ Rxd8 28. Rxe5 Nf3+ 29. Kg2 Nxe5+ 30. f3 Bxf3+  0-1

[Event "87o Campeonato Brasileiro Absoluto Final Aberta"]
[Site "Cuiaba MT"]
[Date "2021.10.31"]
[Round "5"]
[Board "49"]
[White "Pomar, Marcelo Nascimento"]
[Black "Borges, Ivoney"]
[Result "1-0"]
[WhiteElo "1947"]
[BlackElo "1767"]
[PlyCount "73"]
[EventDate "2021.10.28"]
[EventRounds "11"]
[EventCountry "BRA"]

1. e4 c5 2. Nf3 Nc6 3. d4 cxd4 4. Nxd4 g6 5. c4 Bg7 6. Nc2 Nf6 7. Nc3 O-O 8.
Be2 a6 9. O-O d6 10. Be3 e6 11. Qd2 Qc7 12. f3 b6 13. Rac1 Rd8 14. b4 Ne5 15.
Na3 Rb8 16. Rfd1 Bb7 17. Qe1 Ba8 18. Qf2 Ned7 19. Bf4 e5 20. Bg5 h6 21. Be3 Nh5
22. Nd5 Bxd5 23. cxd5 Qb7 24. Rc6 Bf8 25. Rdc1 Rdc8 26. Bf1 Nhf6 27. g3 g5 28.
Bh3 Rd8 29. Nc4 Rbc8 30. Nxb6 g4 31. Bxg4 Nxg4 32. fxg4 Nxb6 33. Bxb6 Rxc6 34.
dxc6 Qc8 35. Bxd8 Qxd8 36. c7 Qc8 37. Qf5  1-0

[Event "87o Campeonato Brasileiro Absoluto Final Aberta"]
[Site "Cuiaba MT"]
[Date "2021.10.31"]
[Round "5"]
[Board "50"]
[White "Silva, Guilherme Henrique De Mora"]
[Black "Da Silva, Erick Feitosa"]
[Result "1/2-1/2"]
[WhiteElo "1943"]
[BlackElo "1765"]
[PlyCount "49"]
[EventDate "2021.10.28"]
[EventRounds "11"]
[EventCountry "BRA"]

1. e4 e5 2. Nf3 Nc6 3. Bc4 Bc5 4. c3 Nf6 5. d3 O-O 6. O-O d5 7. exd5 Nxd5 8. b4
Be7 9. Qb3 Nb6 10. Bb5 Be6 11. Qc2 Bf6 12. Bxc6 bxc6 13. Nbd2 Bg4 14. h3 Bh5
15. Re1 Re8 16. Nh2 Bg5 17. Ne4 Bxc1 18. Raxc1 Nd5 19. Nf1 Bg6 20. Nfg3 Nf4 21.
Rcd1 f5 22. Nc5 Qg5 23. Kh2 Rad8 24. Rg1 Bf7 25. Rde1  1/2-1/2

[Event "87o Campeonato Brasileiro Absoluto Final Aberta"]
[Site "Cuiaba MT"]
[Date "2021.10.31"]
[Round "5"]
[Board "51"]
[White "De Carvalho, Vitor Augusto Ponciano"]
[Black "Almeida, Tiago De"]
[Result "1-0"]
[WhiteElo "1757"]
[BlackElo "1943"]
[PlyCount "113"]
[EventDate "2021.10.28"]
[EventRounds "11"]
[EventCountry "BRA"]

1. e4 c5 2. Nf3 Nc6 3. d3 d5 4. exd5 Qxd5 5. Nc3 Qd8 6. Be2 Nf6 7. Bf4 g6 8.
O-O Nh5 9. Be3 b6 10. d4 Bg7 11. Bb5 Bd7 12. dxc5 bxc5 13. Bxc5 O-O 14. Re1 Qc8
15. Nd5 Kh8 16. Ba3 Rd8 17. Qe2 e6 18. Nc3 a6 19. Ba4 Qb7 20. Ne4 Be8 21. c3
Nf4 22. Qc2 Ne5 23. Nxe5 Bxe5 24. Bxe8 Rxe8 25. g3 Nh3+ 26. Kg2 Ng5 27. f3 Nxf3
28. Kxf3 f5 29. Kf2 fxe4 30. Qxe4 Qb6+ 31. Qe3 Bc7 32. Qxb6 Bxb6+ 33. Ke2 Ra7
34. Rad1 Kg7 35. Rf1 Rb7 36. Rd6 a5 37. c4 e5 38. c5 Bxc5 39. Bxc5 Rxb2+ 40.
Rd2 Reb8 41. Bf8+ Kg8 42. Ba3 R2b5 43. Rd7 R5b7 44. Rd5 Rb5 45. Rd7 R5b7 46.
Rf8+ Rxf8 47. Rxb7 Rc8 48. Rb2 Kf7 49. Bd6 Ke6 50. Bb8 Rc5 51. Ba7 Rd5 52. Be3
h5 53. a4 Kf5 54. Rb5 Rd7 55. Bf4 Re7 56. Rxa5 Kg4 57. Rxe5  1-0